00709 2200193 4500001002100000005001500021035002000036008004100056245003100097100001900128250000600147260003100153300001200184084001400196082000800210650001000218520027500228990001200503INLIS00000000000028020240711082641 a0010-0424000256240711 1 ind 1 aHeartbeat /cOrina Fazrina aFazrina, Orina a1 aJakarta :bGrasindo,c2016 a216 hlm a813 ORI h a813 4aFiksi aSung-Yeol dan Ji-Hyun memiliki ikatan yang sulit dipahami oleh yang lain. Mereka sama-sama terluka, sama-sama saling bergantung, bahkan saling mengerti meski hanya dalam tatap. Mereka tak ingin berpisah dan tak ingin dipisahkan. Begitulah keyakinan Sung-Yeol selama ini. a0728850